000 00678nam a22001697a 4500
008 160414b xxu||||| |||| 00| 0 eng d
020 _a978-971-550-601-4
082 _22009
_aDFil 746.41
_bN67
100 _95591
_aNocheseda, Elmer I.
245 _aPalaspas:
_ban appreciation of palm leaf art in the Philippines/
_cElmer I. Nocheseda.
260 _aQuezon City:
_bAteneo de Manila University Press,
_cc2009.
300 _axiii, 328 pages:
_bcolor illustrations;
_c23 cm.
650 0 _95592
_aPalm frond weaving
_zPhilippines.
650 0 _95594
_aPalm frond weaving
_xPictorial works.
_zPhilippines
650 0 _95595
_aPalm frond weaving
_vHandbooks, manuals, etc.
942 _2ddc
_cDFIL
999 _c1763
_d1763